| 000 | 00829nac a22002537a 4500 | ||
|---|---|---|---|
| 001 | BR9606643 | ||
| 003 | BR-BrBNA | ||
| 005 | 20240105121747.0 | ||
| 008 | 230509b bl.|||m| |||| 00| 0 por d | ||
| 040 |
_aBR-BrBNA _bpor _cBiblioteca Nacional de Agricultura |
||
| 072 | _aE14 | ||
| 090 | _aE14 BR9606643 | ||
| 110 | 1 |
_aCompanhia de Desenvolvimento e Acao Regional, Salvador, BA (Brasil) _92372 |
|
| 245 | 1 | _aOeste da Bahia: perfil regional; programa de desenvolvimento regional sustentavel - PRDS | |
| 260 | 3 |
_aSalvador, BA (Brasil): _c1995. |
|
| 300 | _a66 p. | ||
| 490 |
_aCadernos CAR (Brazil) _vno. 8 _x |
||
| 500 | _a21 ref.; 20 tables | ||
| 650 | _aProjeto de Desenvolvimento | ||
| 650 | _aAgricultura Sustentavel | ||
| 650 | _aBahia | ||
| 909 |
_a202312 _bLúcia Elande _c55 _dLúcia Elande |
||
| 942 |
_2AGRIS _n0 _cMS |
||
| 999 |
_c287269 _d287269 |
||